| 000 | 00686nam a2200253Ia 4500 | ||
|---|---|---|---|
| 003 | OSt | ||
| 005 | 20221006160552.0 | ||
| 006 | a|||||r|||| 00| 0 | ||
| 007 | ta | ||
| 008 | 221006b |||||||| |||| 00| 0 eng d | ||
| 024 | _a45,515 | ||
| 037 | _cSeries Articles | ||
| 040 |
_aEASL _cEASL _beng |
||
| 041 |
_2eng _aeng |
||
| 100 |
_aJu Chow-soon Chuang _9674169 |
||
| 245 | 0 | _aPopo's world youth and college life | |
| 260 |
_aAnn Arbor _bAssocation for Asian Studies,Inc. _c2014 |
||
| 300 |
_a13-16pp. _ccm. |
||
| 490 | _v19 | ||
| 650 | _a Education | ||
| 650 |
_aEducation-China _9629171 |
||
| 942 |
_cREF _2CC |
||
| 999 |
_c1113607 _d1113607 |
||